000 00817nam a22001337a 4500
040 _cRUA
082 _aAVM PHO 2013 B108 Or.1
100 _aPHON, BUNTHOUEN.
245 _aEffect of using rice in concentrate on growth rate of quail at the animal experimental station at royal university of agriculture, ឥទ្ធិពលនៃការប្រើប្រាស់ស្រូវជាចំណីផ្សំលើការលូតលាស់របស់ក្រួចសាច់នៅស្ថានីយពិសោធន៍សត្វនៃសាកលវិទ្យាល័យភូមិន្ទកសិកម្
260 _aPhnom Penh
_bRUA
_c2013
300 _ax; 43p.
_bill.
_c29cm.
856 _uhttps://drive.google.com/file/d/1IHtYuymoAKTjhPQtZ-Bxq4hefn6HTwX7/view?usp=sharing
942 _cAVM
999 _c2652
_d2652